One-Minute Crossword IX Quiz Stats

 Plays Quiz Updated Sep 8, 2017

Challenge
Share
Tweet
Score 0/16 Timer 01:00
53 Plays Today
% Correct
L 
98.6%
O 
98.1%
A 
97.5%
E 
97.2%
A 
95.4%
A 
95.4%
N 
95.2%
D 
91.9%
% Correct
E 
91.6%
R 
91.2%
S 
90.4%
T 
89.9%
M 
89.8%
E 
88.7%
T 
88.3%
F 
87.7%

You're not logged in!

Compare scores with friends on all Sporcle quizzes.
Join for Free
OR
Log In

You Might Also Like...

Show Comments

Extras

Top Quizzes Today


Score Distribution

Your Account Isn't Verified!

In order to create a playlist on Sporcle, you need to verify the email address you used during registration. Go to your Sporcle Settings to finish the process.

Report this User

Report this user for behavior that violates our Community Guidelines.

Details: